| 000 | 01064 a2200241 4500 | ||
|---|---|---|---|
| 010 | _aENG-88517 | ||
| 020 |
_a8184241259 _c920.00 |
||
| 035 | _aEN-72050 | ||
| 037 | _bDBAD / PUB | ||
| 082 | 1 | 4 | _a553.2 |
| 090 |
_c8757 _d8757 |
||
| 111 | 1 |
_aNational Conference on Frontier areas in Geological and Technological Aspects of Fossil Fuel and Mineral Resources _cDhanbad, India _dNovember 2-4, 2006 |
|
| 245 | 1 |
_aProceedings of the National Conference on frontier areas in geological and technological aspects of fossil fuel and mineral resources (GTFM - 2006), Nov. 2-4, 2006 organized by Indian School of Mines, Dhanbad/ _cedited by Atul K. Varma ... [et al] |
|
| 260 |
_aNew Delhi _bAllied Publishers _c2006 |
||
| 270 |
_aA-104, Mayapuri, Phase-II, _bNew Dehli _e110 064 |
||
| 300 |
_axii, 344p. _c25cm (Hb ) |
||
| 700 | _aVarma, Atul K. | ||
| 700 | _aVenkatesh, A.S. | ||
| 700 | _aDhar, Y.R. | ||
| 700 | _aSaxena, V.K. | ||
| 942 |
_adpl _cEN _k553.2 / NAT |
||
| 999 |
_c8599 _d8599 |
||